Catalogue de la Bibliothèque de l'ENSA

Alimentary canal (notice nᵒ 10908)

détails MARC
000 -LEADER
fixed length control field 00661nam a2200181Ia 4500
008 - FIXED-LENGTH DATA ELEMENTS--GENERAL INFORMATION
fixed length control field 160105s9999 xx 000 0 und d
020 ## - INTERNATIONAL STANDARD BOOK NUMBER
International Standard Book Number 978-2-10-053711-2
041 ## - LANGUAGE CODE
Language code of text/sound track or separate title fre
245 ## - TITLE STATEMENT
Title Alimentary canal
260 ## - PUBLICATION, DISTRIBUTION, ETC.
Name of publisher, distributor, etc American Physiological Society
260 ## - PUBLICATION, DISTRIBUTION, ETC.
Date of publication, distribution, etc 1968
490 ## - SERIES STATEMENT
Series statement Handbook of physiology : a critical, comprehensive presentation of physiological knowledge and concepts
500 ## - GENERAL NOTE
General note Cote d'origine affectée par la BC : BC_1317 65 devient TA_349
654 ## - SUBJECT ADDED ENTRY--FACETED TOPICAL TERM
General subdivision FONCTION PHYSIOLOGIQUE/ALIMENTATION/DIGESTION/APPAREIL DIGESTIF/INTESTIN/ABSORPTION DIGESTIVE
942 ## - ADDED ENTRY ELEMENTS (KOHA)
Koha item type Ouvrage
994 ## -
-- 111048
Exemplaires
Withdrawn status Lost status Damaged status Use restrictions Not for loan Home library Current library Cost, normal purchase price Shelving control number Total Checkouts Total Renewals Total Holds Full call number Barcode Cost, replacement price Koha item type
          Département de Technologie Alimentaire Département de Technologie Alimentaire 0.00         TA_3492 TA_3492 0.00 Ouvrage

Adresse: Ecole Nationale Supérieure Agronomique Hassen Badi - El Harrach Alger, Algérie

Tél +213 (0) 23 82 85 07+213 (0) 23 82 85 12 Fax +213 23 82 85 03/04 Courriel: bibliotheque@edu.ensa.dz